ARRUPE JESUIT UNIVERSITY

CORONAVIRUS -STOP THE SPREAD - CLEAN,DISINFECT,COVER

After physics / (Record no. 122740)

MARC details
000 -LEADER
fixed length control field 01167cam a2200289 i 4500
001 - CONTROL NUMBER
control field 18144186
003 - CONTROL NUMBER IDENTIFIER
control field ARRUPE
005 - DATE AND TIME OF LATEST TRANSACTION
control field 20150422115455.0
008 - FIXED-LENGTH DATA ELEMENTS--GENERAL INFORMATION
fixed length control field 140508s2015 mau 001 0 eng
010 ## - LIBRARY OF CONGRESS CONTROL NUMBER
LC control number 2014013401
020 ## - INTERNATIONAL STANDARD BOOK NUMBER
International Standard Book Number 9780674731264
020 ## - INTERNATIONAL STANDARD BOOK NUMBER
International Standard Book Number 0674731263
040 ## - CATALOGING SOURCE
Original cataloging agency DLC
Language of cataloging eng
Description conventions rda
Transcribing agency DCL
042 ## - AUTHENTICATION CODE
Authentication code pcc
050 00 - LIBRARY OF CONGRESS CALL NUMBER
Classification number QC6
Item number .A465 2015
082 00 - DEWEY DECIMAL CLASSIFICATION NUMBER
Classification number 530.01
Edition number 23
300 ## - PHYSICAL DESCRIPTION
Other physical details illustrations ;
Dimensions 25 cm
100 1# - MAIN ENTRY--PERSONAL NAME
Personal name Albert, David Z.
9 (RLIN) 17446
245 10 - TITLE STATEMENT
Title After physics /
Statement of responsibility, etc David Z Albert.
260 ## - PUBLICATION, DISTRIBUTION, ETC. (IMPRINT)
Place of publication, distribution, etc Cambridge
Name of publisher, distributor, etc Harvard University Press
Date of publication, distribution, etc 2015
300 ## - PHYSICAL DESCRIPTION
Extent ix, 181 pages :
500 ## - GENERAL NOTE
General note Includes index.
505 0# - FORMATTED CONTENTS NOTE
Formatted contents note Physics and chance -- The difference between the past and the future -- The past-hypothesis and knowledge of the external world -- The technique of significables -- Physics and narrative -- Quantum mechanics and life -- Primitive ontology -- Probability in the everett picture.
650 #0 - SUBJECT ADDED ENTRY--TOPICAL TERM
Topical term or geographic name as entry element Physics
General subdivision Philosophy.
9 (RLIN) 17447
906 ## - LOCAL DATA ELEMENT F, LDF (RLIN)
a 7
b cbc
c orignew
d 1
e ecip
f 20
g y-gencatlg
942 ## - ADDED ENTRY ELEMENTS (KOHA)
Source of classification or shelving scheme Library of Congress Classification
Koha item type Monograph ( Printed materials)
Holdings
Withdrawn status Lost status Source of classification or shelving scheme Damaged status Not for loan Collection code Home library Current library Shelving location Date acquired Total Checkouts Full call number Barcode Date last seen Price effective from Koha item type
    Library of Congress Classification     Main Collection ARRUPE LIBRARY ARRUPE LIBRARY Main Collection 22/04/2015   QC6.A465 2015 46500002378 02/07/2019 22/04/2015 Monograph ( Printed materials)

 

Arrupe Library. PO Box MP320 Mt Pleasant, Harare, Zimbabwe
263 242 745411|librarian@aju.ac.zw